La prueba pericial a examen Propuestas de lege ferenda /

Bibliographic Details
Main Author: Cerrato Guri, Elisabet
Other Authors: Pic ̤i Junoy, Joan, Andino Lp̤ez, Juan Antonio
Format: eBook
Language:Spanish
Published: Barcelona: J.M. Bosch Editor, 2020
Subjects:
Online Access:Acceso restringido

MARC

LEADER 00000nam a22000007a 4500
005 2022021701391.0
007 cr|||| ||||
008 220217s2020 es |||||s|||| 00||0 spa d
020 |a 978-84-122106-6-8 
035 |a 35569 
040 |a vLex 
090 |c 13030  |d 13030 
100 1 |a Cerrato Guri, Elisabet 
245 1 2 |a La prueba pericial a examen  |h [Recurso electrn̤ico] :  |b Propuestas de lege ferenda /  |c Elisabet Cerrato Guri, Joan Pic ̤i Junoy, Juan Antonio Andino Lp̤ez 
256 |a Servicio en ln̕ea 
260 |a Barcelona:  |b J.M. Bosch Editor,  |c 2020 
300 |a 1 recurso electrn̤ico 
500 |a Los primeros veinte aǫs de aplicacin̤ de la compleja regulacin̤ de la prueba pericial han planteado in  |  nidad de problemas prc̀ticos de todo tipo en los tribunales. Esta monografa̕ los analiza crt̕icamente y formula soluciones e  |  caces para resolverlos, as ̕como presenta casi un centenar de propuestas articuladas de mejora normativa. Y ello lo hace de la mano de los verdaderos especialistas de la prueba pericial: desde la visin̤ judicial con los estudios del Magistrado de la Sala 1® del Tribunal Supremo, Jos ̌Luis Seoane Spiegelberg, y de las magistradas Carmen Ortiz Rodrg̕uez y Rosa M® Mňdez Toms̀, ambas profesoras ordinarias de la Escuela Judicial del CGPJ; desde la perspectiva cient ̕  |  ca con trabajos de los acadm̌icos que han dedicado sus tesis doctorales a esta prueba, como los estudios de Pedro M. Garcianda̕ Gonzl̀ez, Ignacio Flores Prada, Carmen Vz̀quez, Eva Isabel Sanjurjo Ro̕s y Rafael de Orellana Castro; y desde la experiencia del derecho comparado con las aportaciones de expertos en Evidence Law de EEUU, Japn̤, Alemania, Italia y Brasil. De igual modo, incorpora numerosos estudios que abordan cuestiones problemt̀icas concretas de la prueba pericial, tales como la provisin̤ de fondos y honorarios de los peritos, la ťica de los expertos judiciales, la prueba pericial cient ̕  |  ca y digital, las tachas de peritos, etc. En de  |  nitiva, se trata de un libro escrito por autňticos especialistas de la prueba pericial, tanto del mundo acadm̌ico, judicial y profesional –nacional e internacional–, que ofrece propuestas razonadas de mejora de nuestro derecho probatorio. 
506 1 |a Disponible solo en los productos indicados  |d vLex Global  |d vLex Global (Academic Edition, excluding Law Schools)  |d vLex Global (U.S. Academic Edition, Law Schools)  |d vLex Global (U.S. Academic Edition, excluding Law Schools)  |d vLex Global (Academic Edition, Law Schools) 
650 0 4 |a Derecho Procesal  |z Espaą 
700 1 |a Pic ̤i Junoy, Joan 
700 1 |a Andino Lp̤ez, Juan Antonio 
740 0 |a vLex Libros (Servicio en ln̕ea) 
856 4 0 |u https://app.vlex.com/#/sources/35569  |z Acceso restringido 
942 |c BOOK 
999 0 |a Procedural law